| 000 | 01131nam a2200337 a 4500 | ||
|---|---|---|---|
| 001 | 000108129 | ||
| 003 | CHAP | ||
| 005 | 20220329143959.0 | ||
| 008 | 131206s2001 |r || | | d | ||
| 010 | _a104591 | ||
| 011 | _a105563 | ||
| 020 | _a8497060148 | ||
| 040 | _cCHAP | ||
| 082 | 0 | 4 |
_a616.8526 _bG94 2001 |
| 245 | 0 |
_aGuía clínica para el tratamiento de los trastornos del comportamiento alimentario / _ctraducción por Eva Toro Cervera. |
|
| 250 | _a2 ed. | ||
| 260 |
_aBarcelona, Esp. : _bPsiquiatría Editores _bArs Medica, _cc2001. |
||
| 300 |
_a91 p. : _btabs . |
||
| 490 | _aGuías clínicas | ||
| 534 |
_pTít. original : _tPractice guideline for the treatment of patiens with eating disorders _b2 ed. |
||
| 590 |
_aBATCH-UPD _b05 _c20131206 _lUCH01 _h1227 |
||
| 590 |
_aBATCH-UPD _b10 _c20131206 _lUCH01 _h1423 |
||
| 590 |
_aE11695DGD _b10 _c20131206 _lUCH01 _h1422 |
||
| 590 |
_aE5995AHE _b05 _c20131206 _lUCH01 _h1226 |
||
| 650 | 1 | 4 |
_aAnorexia nerviosa. _9124975 |
| 650 | 1 | 4 |
_aTrastornos de la nutrición. _9124977 |
| 700 | 1 |
_aToro Trallero, Josep _9124974 |
|
| 901 | _aBK | ||
| 942 | _cLIBRO | ||
| 942 | _n0 | ||
| 999 |
_c104591 _d104591 |
||